Donkey Kong Country Returns: Tiki Tak Tribe Members - Statistics

General Stats
  • This quiz has been taken 17 times
  • The average score is 6 of 25
Answer Stats
Type Tiki % Correct
Leader Tiki Tong
100%
Leader Xylobone
64%
Leader Banjo Bottom
55%
Leader Krazy Kalimba
55%
Leader Gong-Oh
45%
Leader Maraca Gang
45%
Leader Wacky Pipes
45%
Leader Cordian
36%
Enemy Tiki Goon
36%
Enemy Flaming Tiki Zing
18%
Enemy Tiki Boing
18%
Enemy Tiki Torch
18%
Enemy Tiki Zing
18%
Enemy Char-Char
9%
Enemy Flaming Tiki Buzz
9%
Enemy Screaming Pillar
9%
Enemy Tiki Buzz
9%
Enemy Tiki Doom
9%
Enemy Ultra Char-Char
9%
Enemy Tiki Bomber
0%
Enemy Tiki Boulder
0%
Enemy Tiki Pop
0%
Enemy Tiki Seeker
0%
Enemy Tiki Tank
0%
Enemy Tiki Tork
0%
No matching quizzes found
Score Distribution
Percent of People with Each Score
Percentile by Number Answered
Your Score History
You have not taken this quiz